Sikh diaspora philanthropy in Punjab : (Record no. 31312)

MARC details
000 -LEADER
fixed length control field 01497cam a22003255a 4500
005 - DATE AND TIME OF LATEST TRANSACTION
control field 20091023071005.0
008 - FIXED-LENGTH DATA ELEMENTS--GENERAL INFORMATION
fixed length control field 090922s2009 ii a g b 100 0 eng d
010 ## - LCCN (DPL NO)
LC control number ENG-95310
020 ## - INTERNATIONAL STANDARD BOOK NUMBER
International Standard Book Number 9780198061021
Terms of availability 750.00
020 ## - INTERNATIONAL STANDARD BOOK NUMBER
International Standard Book Number 0198061021
Terms of availability 750.00
035 ## - SYSTEM CONTROL NUMBER
System control number EN-78843
037 ## - SOURCE OF ACQUISITION
Stock number DBAD/PUB
040 ## - CATALOGING SOURCE
Original cataloging agency DPL
082 ## - DEWEY DECIMAL CLASSIFICATION NUMBER
Classification number 909.04914
111 ## - MAIN ENTRY--MEETING NAME
Meeting name or jurisdiction name as entry element International Workshop on Sikh Diaspora in Punjab
Date of meeting (2006 :
Location of meeting Jalandhar, India)
245 ## - TITLE STATEMENT
Title Sikh diaspora philanthropy in Punjab :
Remainder of title global giving for local good /
Statement of responsibility, etc edited by Verne A. Dusenbery, Darshan S. Tatla.
260 ## - PUBLICATION, DISTRIBUTION, ETC. (IMPRINT)
Place of publication, distribution, etc New Delhi :
Name of publisher, distributor, etc Oxford University Press,
Date of publication, distribution, etc 2009.
300 ## - PHYSICAL DESCRIPTION
Extent xviii, 312 p. :
Other physical details ill. ;
Dimensions 23 cm.(Hb)
500 ## - GENERAL NOTE
General note Includes bibliographical references
520 ## - SUMMARY, ETC.
Summary, etc Revised version of papers presented at the International Conference on Sikh Diaspora and its Recommendations, held at Jalandhar during 30-31 March 2006.
650 ## - SUBJECT ADDED ENTRY--TOPICAL TERM
Topical term or geographic name as entry element Emigrant remittances
Geographic subdivision India
-- Punjab
Form subdivision Congresses.
650 ## - SUBJECT ADDED ENTRY--TOPICAL TERM
Topical term or geographic name as entry element Sikhs
General subdivision Charities
Form subdivision Congresses.
650 ## - SUBJECT ADDED ENTRY--TOPICAL TERM
Topical term or geographic name as entry element Charities
Geographic subdivision India
-- Punjab
Form subdivision Congresses.
650 ## - SUBJECT ADDED ENTRY--TOPICAL TERM
Topical term or geographic name as entry element Sikh diaspora
Form subdivision Congresses.
700 ## - ADDED ENTRY--PERSONAL NAME
Personal name Dusenbery, Verne A.
Fuller form of name (Verne Andrew),
700 ## - ADDED ENTRY--PERSONAL NAME
Personal name Tatla, Darshan S.
Fuller form of name (Darshan Singh)
942 ## - ADDED ENTRY ELEMENTS (KOHA)
Source of classification or shelving scheme Dewey Decimal Classification
Item type English Books
Call number suffix DUS
Classification part 909.04914
Holdings
Withdrawn status Lost status Source of classification or shelving scheme Damaged status Not for loan Collection code Home library Current library Date acquired Source of acquisition Cost, normal purchase price Total Checkouts Full call number Barcode Date last seen Copy number Cost, replacement price Koha item type
    Dewey Decimal Classification   Not For Loan Non-fiction D.B.Act.Division D.B.Act.Division 04/11/2009 DBAD / PUB 750.00   909.04914 DUS EN-78843 04/11/2009 1 750.00 English Books

© Delhi Public Library
Hit Counter
free hit counter